Executive warfare : (Record no. 19030)
[ view plain ]
| 000 -LEADER | |
|---|---|
| fixed length control field | 00980nam a22002658a 4500 |
| 005 - DATE AND TIME OF LATEST TRANSACTION | |
| control field | 20080307133824.0 |
| 008 - FIXED-LENGTH DATA ELEMENTS--GENERAL INFORMATION | |
| fixed length control field | 080306s2009 nyu 000 0 eng |
| 010 ## - LCCN (DPL NO) | |
| LC control number | ENG-91791 |
| 020 ## - INTERNATIONAL STANDARD BOOK NUMBER | |
| International Standard Book Number | 9780070221888 |
| Terms of availability | 350.00 |
| 020 ## - INTERNATIONAL STANDARD BOOK NUMBER | |
| International Standard Book Number | 007022188X |
| 035 ## - SYSTEM CONTROL NUMBER | |
| System control number | EN-75324 |
| 037 ## - SOURCE OF ACQUISITION | |
| Source of stock number/acquisition | DBAD / PUB |
| 040 ## - CATALOGING SOURCE | |
| Original cataloging agency | dpl |
| Language of cataloging | English |
| 082 ## - DEWEY DECIMAL CLASSIFICATION NUMBER | |
| Classification number | 658.409 |
| 100 ## - MAIN ENTRY--PERSONAL NAME | |
| Personal name | D'Alessandro, David F. |
| 245 ## - TITLE STATEMENT | |
| Title | Executive warfare : |
| Remainder of title | 10 rules of engagement for winning your war for success / |
| Statement of responsibility, etc | by David F. D'Alessandro with Michele Owens. |
| 260 ## - PUBLICATION, DISTRIBUTION, ETC. (IMPRINT) | |
| Place of publication, distribution, etc | New Delhi |
| Name of publisher, distributor, etc | Tata McGraw-Hill Publishing |
| Date of publication, distribution, etc | 2008 |
| 300 ## - PHYSICAL DESCRIPTION | |
| Extent | xvi, 265p. |
| Dimensions | 23cm (pbk) |
| 500 ## - GENERAL NOTE | |
| General note | Includes index |
| 650 ## - SUBJECT ADDED ENTRY--TOPICAL TERM | |
| Topical term or geographic name as entry element | Executives. |
| 650 ## - SUBJECT ADDED ENTRY--TOPICAL TERM | |
| Topical term or geographic name as entry element | Career development. |
| 700 ## - ADDED ENTRY--PERSONAL NAME | |
| Personal name | Owens, Michele. |
| 942 ## - ADDED ENTRY ELEMENTS (KOHA) | |
| Source of classification or shelving scheme | Dewey Decimal Classification |
| Item type | English Books |
| Classification part | 658.409 |
| Call number suffix | DAL |
| Withdrawn status | Lost status | Source of classification or shelving scheme | Damaged status | Not for loan | Collection code | Home library | Current library | Date acquired | Source of acquisition | Cost, normal purchase price | Total Checkouts | Full call number | Barcode | Date last seen | Copy number | Cost, replacement price | Koha item type |
|---|---|---|---|---|---|---|---|---|---|---|---|---|---|---|---|---|---|
| Dewey Decimal Classification | Not For Loan | Non-fiction | D.B.Act.Division | D.B.Act.Division | 24/11/2008 | DBAD / PUB | 350.00 | 658.409 DAL | EN-75324 | 24/11/2008 | 1 | 350.00 | English Books |
